| 000 | 00566nam a2200181 i 4500 | ||
|---|---|---|---|
| 001 | 75297 | ||
| 003 | ES-MaACL | ||
| 005 | 20230906172411.0 | ||
| 007 | t| | ||
| 008 | 040923s1943 sp ||||1| spa d | ||
| 100 | 1 |
_aGregor, Joseph. _959888 |
|
| 245 | 1 | 0 |
_aAlejandro Magno _b: dominio mundial de una idea / _cJoseph Gregor ; traducción de Jaime Bofill y Ferro. |
| 250 | _a[1ª ed.]. | ||
| 260 |
_aBarcelona : _bIberia, _c[1943] ( _fRex) |
||
| 300 |
_a390 p., 53 lám. ; _c22 cm. |
||
| 700 | 1 |
_aBofill i Ferro, Jaume. _929787 |
|
| 852 |
_aES-MaACL _jC-5398 _bR.25669 |
||
| 999 |
_c75297 _d75297 |
||